1 Photo / 10 Questions (#2) - Statistics

General Stats
  • This quiz has been taken 39 times
  • The average score is 7 of 10
Answers on the Map
Answers color-coded by a green-red scale on the quiz's map according to % correct below.
 
Answer Stats
Answer % Correct
Europe
100%
5
91%
Christianity
89%
Croatian
86%
Zagreb
83%
Adriatic
80%
Balkan
77%
Dubrovnik
54%
Kuna
14%
Sava
3%
No matching quizzes found
Score Distribution
Percent of People with Each Score
Percentile by Number Answered
Your Score History
You have not taken this quiz